00258nam a2200097Ia 4500008004100000100002000041245002800061260004500089260000900134999001700143170620s9999 xx 000 0 und d aSharma- Promila 0aPhilosophy of Education bNew Delhi- A.P.H. Publishing corporation c2004 c24822d24822